Statistics for Top 200 Girl Names

Click here to take the quiz!

General Stats

  • This quiz has been taken 18,691 times
  • The average score is 73 of 200

Answer Stats

Answer % Correct
Elizabeth
84%
Ana
80%
Anna
80%
Emma
79%
Emily
78%
Sara
77%
Sarah
77%
Kathryn
76%
Mary
74%
Jessica
72%
Hannah
71%
Olivia
71%
Jennifer
71%
Alivia
71%
Isabel
70%
Katie
68%
Kate
68%
Katherine
67%
Rachel
63%
Julia
63%
Ava
63%
Lilly
62%
Lily
61%
Victoria
61%
Lillian
61%
Catherine
61%
Sophia
60%
Sofia
60%
Amy
59%
Khloe
59%
Christina
58%
Samantha
58%
Chloe
58%
Gracie
57%
Maria
57%
Rebecca
57%
Grace
57%
Lauren
56%
Abigail
55%
Alexa
54%
Mya
54%
Ashley
54%
Madison
54%
Ella
54%
Charlotte
53%
Amanda
53%
Isabelle
53%
Nicole
52%
Michelle
51%
Mia
51%
Ellie
51%
Isabella
50%
Allison
50%
Natalie
49%
Zoey
49%
Kimberly
49%
Zoe
49%
Sophie
48%
Megan
48%
Evelyn
48%
Haley
47%
Taylor
46%
Amelia
46%
Stephanie
46%
Angel
45%
Melissa
45%
Margaret
45%
Lucy
45%
Alexis
45%
Alexandria
44%
Alexandra
44%
Bella
44%
Eva
43%
Danielle
43%
Caroline
42%
Leah
41%
Claire
40%
Diana
40%
Molly
40%
Hailey
39%
Alyssa
38%
Amber
38%
Addison
38%
Gabriela
37%
Erin
37%
Breanna
37%
Brianna
37%
Kayla
37%
Briana
37%
Gabriella
36%
Gabrielle
36%
Madeline
35%
Madelyn
35%
Karen
35%
Jasmine
34%
Katelyn
34%
Alicia
32%
Andrea
32%
Kylee
32%
Faith
31%
Jordan
31%
Angela
31%
Jordyn
31%
Jade
31%
Audrey
30%
Jenna
30%
Kylie
30%
Vanessa
29%
Kaitlyn
29%
Avery
29%
Ruby
28%
Melanie
28%
Brooke
27%
Riley
27%
Morgan
27%
Daisy
27%
Arianna
27%
Violet
27%
Ariana
27%
Brooklynn
26%
Makenzie
26%
Jacqueline
26%
Brooklyn
26%
Maya
26%
Mckenzie
26%
Kaylee
26%
Paige
25%
Mackenzie
25%
Savannah
24%
Payton
23%
Naomi
23%
Angelina
23%
Peyton
23%
Daniela
23%
Carly
23%
Annabelle
23%
Sydney
22%
Kendall
22%
Makayla
22%
Valerie
21%
Valeria
21%
Miranda
21%
Lydia
20%
Bailey
20%
Laila
20%
Layla
20%
Jillian
19%
Stella
19%
Natalia
19%
Summer
19%
Aliyah
19%
Kelsey
19%
Autumn
19%
Aaliyah
19%
Sierra
18%
Adriana
18%
Destiny
18%
Sadie
18%
Lila
18%
Sienna
18%
Marissa
18%
Adrianna
18%
Julianna
17%
Nevaeh
17%
Camila
17%
Piper
17%
Mikayla
17%
Miley
17%
Juliana
17%
Keira
17%
Jocelyn
16%
Alana
16%
Mariah
16%
Jayden
16%
Kennedy
16%
Leslie
16%
Sabrina
16%
Jada
15%
Skylar
15%
Delilah
15%
Genesis
15%
Trinity
15%
Reagan
14%
Serenity
14%
Giselle
14%
London
14%
Hayden
14%
Gianna
13%
Rylee
13%
Liliana
13%
Cheyenne
13%
Mariana
13%
Shelby
12%
Ashlyn
12%
Reese
11%
Jayla
11%
Marley
10%
Amaya
10%
Alondra
10%
Aniyah
9%

Score Distribution

Percentile by Number Answered

Percent of People with Each Score

Your Score History

You have not taken this quiz